| 000 | 00506cas a22001815a 4500 | ||
|---|---|---|---|
| 001 | L138072 | ||
| 008 | 070515c1985 xxkqr p 0 a0eng u | ||
| 035 | _a(Sirsi) u138072 | ||
| 041 | 0 | _aeng | |
| 110 | 2 |
_aRoyal Institution of Chartered Surveyors _bKent Branch _95192 |
|
| 245 | 0 | 0 | _aSurveyor in Kent |
| 260 |
_aS.l. _bRICS _c1985- |
||
| 362 | 0 | _a(11) Summer 1988-November 1995 | |
| 554 | _aQuarterly | ||
| 651 | 4 | _aKENT | |
| 690 | _aMANAGEMENT-BUSINESS MANAGEMENT-PROFESSIONAL PRACTICE | ||
| 942 | _n0 | ||
| 999 |
_c118943 _d118943 |
||